Rozvoj inovácií - šanca pre Slovensko

Potreba intenzívnej podpory inovačných aktivít v našom priemysle. Vytvorenie systému vhodných inovačných stimulov. Finančné grantové schémy. Podpora offshoringu vývoja veľkých firiem na Slovensku. Vznik inovačných firiem. Priemysel a akademická sféra. Kvalita akademickej sféry.

Na minha lista:
Detalhes bibliográficos
Autor principal: Balog, Miroslav
Formato: Capítulo de Livro
Idioma:eslovaco
Assuntos:
Tags: Adicionar Tag
Sem tags, seja o primeiro a adicionar uma tag!

MARC

LEADER 00000naa$a2200000$$$4500
001 0106585
005 20231011121541.5
041 0 |a slo 
044 |a SK 
245 1 0 |a Rozvoj inovácií - šanca pre Slovensko  |c Miroslav Balog 
520 |a Potreba intenzívnej podpory inovačných aktivít v našom priemysle. Vytvorenie systému vhodných inovačných stimulov. Finančné grantové schémy. Podpora offshoringu vývoja veľkých firiem na Slovensku. Vznik inovačných firiem. Priemysel a akademická sféra. Kvalita akademickej sféry. 
610 2 0 |a inovácia 
610 2 0 |a inovácia výrobkov 
610 2 0 |a stimuly 
610 2 0 |a granty 
610 2 0 |a offshoring 
610 2 0 |a priemysel 
610 2 0 |a univerzity 
610 2 0 |a kvalita 
610 2 0 |a Slovensko 
100 1 |a Balog, Miroslav